000 01458nam a22001937a 4500
999 _c59244
_d59244
005 20251125233047.0
008 s2552 th o tha d
040 _aNALT
086 _aสว 19 10.5 328.32 2551-2555
110 2 _942511
_aสำนักงานเลขาธิการวุฒิสภา.
_bสำนักนโยบายและแผน.
_bกลุ่มงานแผนงานและโครงการ
245 1 0 _aแผนยุทธศาสตร์ สำนักงานเลขาธิการวุฒิสภา ฉบับที่ 2 (พ.ศ. 2551-2555) /
_cกลุ่มงานแผนงานและโครงการ สำนักนโยบายและแผน สำนักงานเลขาธิการวุฒิสภา.
260 _aกรุงเทพฯ :
_bสำนักนโยบายและแผน สำนักงานเลขาธิการวุฒิสภา,
_c2552.
300 _a11 หน้า :
_bแผนภูมิ ;
_c30 ซม.
610 2 4 _aสำนักงานเลขาธิการวุฒิสภา
_942868
_xแผนยุทธศาสตร์
_y2551-2555
850 _aNALT
856 4 0 _uhttps://hdl.handle.net/20.500.14156/361357
942 _cPAR
_2local
998 _j25
_k นีลวัสน์ อินทรักษา